Bastián y Bastiana /

Sábháilte in:
Sonraí bibleagrafaíochta
Príomhchruthaitheoir: Mozart, Wolfgang Amadeus (música)
Údar corparáideach: Philharmonie Salzburg (ejecución musical)
Rannpháirtithe: Weiskern, Friedrich Wilhelm (libreto) (libreto), Müller, Johann H.F. (libreto) (libreto), Schachtner, Johann Andreas (libreto) (libreto), Stephanie, Johann Gottlieb (libreto) (libreto), Berchtold, Bernhard (voz) (voz), Cojocariu, Radu (voz) (voz), Kleinheinz, Alfred (voz) (voz), Metaxaki, Evmorfia (voz) (voz), Zamojska, Aleksandra (voz) (voz), Fuchs, Elisabeth (dirección musical) (dirección musical), Teichert, Thomas (dirección de escena, escenografía y vestuario) (dirección de escena, escenografía y vestuario), Aglassinger, Stefan (realización) (realización), Trujillo Sevilla, Jesús (texto del folleto) (texto del folleto)
Formáid: Sleamhnán
Teanga:German
Foilsithe / Cruthaithe: Hamburgo, Alemania : Deutsche Grammophon, 2006, c2006
Barcelona, España : Altaya [distribución], 2008, c2008
Sraith:(Deutsche Grammophon DVD)
Ábhair:
Clibeanna: Cuir clib leis
Níl clibeanna ann, Bí ar an gcéad duine le clib a chur leis an taifead seo!

MARC

LEADER 00000ngm^a2200000^a^4500
001 000344329
005 20251020000000.0
009 20260310114648.219
037 |a Acervo ITESO - Biblioteca 
041 |a SON 
041 |a ALE 
082 |a 784. 06  |b MOZ WOL 
100 |a Mozart, Wolfgang Amadeus  |e (música) 
240 1 1 |a [Bastián y Bastiana] 
240 1 4 |a [El empresario teatral] 
245 1 0 |a Bastián y Bastiana /  |c Música de W.A. Mozart ; libreto de F.W. Weiskern, J.H.F. Müller, J.A. Schachtner ; tenor B. Berchtold ; bajo (voz) R. Cojocariu ; soprano E. Metaxaki ; ejecución musical de la Philharmonie Salzburg ; dir. musical de E. Fuchs ; dir. de escena, escenografía y vestuario de T. Reichert ; realización de S. Aglassinger ; texto del folleto de J. Trujillo Sevilla. 
264 4 |a Hamburgo, Alemania :  |b Deutsche Grammophon,  |c 2006, c2006 
264 4 |a Barcelona, España :  |b Altaya [distribución],  |c 2008, c2008 
300 |a 1 DVD multirregión  |c (109 min.) (DVD no disponible para préstamo externo) +  |e 1 folleto (8 p.) 
336 |a imagen móvil bidimensional  |b tdi  |2 rdacontenido 
337 |a video  |b v  |2 rdamedio 
338 |a videodisco  |b vd  |2 rdasoporte 
440 1 |a (Deutsche Grammophon DVD) 
500 |a Basado en: Los amores de Bastián y Bastiana, de Marie-Justine-Benoîte Favart, Charles-Simon Favart y Harny de Guerville 
545 0 |a Nacido en Salzburgo en 1756 y muerto en Viena en 1791, Wolfgang Amadeus Mozart es calificado por la crítica como el creador cumbre en la historia de la música. Mozart es autor de una obra extensa (626 títulos según el Catálogo Kochel) y a la que no escapó prácticamente ningún género, pero sobre todo de composiciones que aúnan belleza, profundidad y diversidad y también un gran equilibrio entre la forma y la armonía. Con estudios bajo la dirección de Leopoldo Mozart, su padre, el niño tenía apenas siete años cuando aparecieron publicadas sus primeras obras y fue también por entonces que realizó una gira por Europa, poniendo de manifiesto sus prodigiosas facultades como ejecutante del clavicémbalo y el piano. Conjugó el desempeño como organista de la corte y compositor de cámara del emperador, con la creación de 21 óperas (Così fan tutte, Don Giovanni, La flauta mágica, Las bodas de Fígaro, El rapto en el serrallo, etc.), 25 conciertos para piano y 6 para violín, varias misas (entre ellas la Misa de la Coronación), 17 sonatas para piano y 42 para violín, 28 cuartetos y quintetos de cuerdas y muchas más creaciones que dan cuenta de su genialidad. 
546 |a Edición en español (folleto) 
546 |a En alemán, con subtítulos opcionales: español, alemán, francés, inglés 
649 |a XX 
650 |a Singspiel -  |z Austria 
650 |a Opera Cómica -  |z Austria 
650 |a Opera -  |z Austria 
650 |a Música Vocal -  |z Austria 
650 |a Música para Representación -  |z Austria 
650 |a Música en el Teatro -  |z Austria 
650 |a Música Clásica -  |z Austria 
650 |a Música de Concierto -  |z Austria 
650 |a Música Austríaca -  |y Siglo XVIII 
650 |a Mozart, Wolfgang Amadeus 
740 3 |a El empresario /  |c Música de W.A. Mozart ; libreto de J.G. Stephanie ; soprano E. Metaxaki, A. Zamojska ; tenor B. Berchtold ; voz recitante A. Kleinheinz ; ejecución musical de la Philharmonie Salzburg ; dir. musical de E. Fuchs ; dir. de escena, escenografía y vestuario de T. Reichert ; realización de S. Aglassinger ; texto del folleto de J. Trujillo Sevilla. 
710 |a Philharmonie Salzburg  |e (ejecución musical) 
700 |a Weiskern, Friedrich Wilhelm  |e (libreto) 
700 |a Müller, Johann H.F.  |e (libreto) 
700 |a Schachtner, Johann Andreas  |e (libreto) 
700 |a Stephanie, Johann Gottlieb  |e (libreto) 
700 |a Berchtold, Bernhard  |e (voz) 
700 |a Cojocariu, Radu  |e (voz) 
700 |a Kleinheinz, Alfred  |e (voz) 
700 |a Metaxaki, Evmorfia  |e (voz) 
700 |a Zamojska, Aleksandra  |e (voz) 
700 |a Fuchs, Elisabeth  |e (dirección musical) 
700 |a Teichert, Thomas  |e (dirección de escena, escenografía y vestuario) 
700 |a Aglassinger, Stefan  |e (realización) 
700 |a Trujillo Sevilla, Jesús  |e (texto del folleto) 
910 |a Fondo General 
920 |a Audiovisuales - DVDs 
940 |a DVDs y Videos de Música 
905 |a 307 
901 |a 0500234923  |b IT2  |c DVM  |i D64667  |u 20250521 
901 |a 0500234922  |b IT2  |c MIM  |i D64667  |u 20251020 
902 |a https://opac.biblio.iteso.mx/vufind/Record/000344329